Realizácia technológie zvárania MIG pri zváraní výrobku "Ziehbechen" : Diplomová práca

Uložené v:
Podrobná bibliografia
Hlavný autor: Bednár, Pavol (Autor)
Ďalší autori: Huliaček, Ľubomír (xxx)
Médium: Rukopis Kniha
Jazyk:Slovak
Vydavateľské údaje: Trnava : STU v Bratislave MtF KZv, 2002
Predmet:
Tagy: Pridať tag
Žiadne tagy, Buďte prvý, kto otaguje tento záznam!

MARC

LEADER 00000ntm a22000003a 4500
001 stu76124
005 20160719155105.9
008 020618s2002----xo------------------slo-d
040 |a STU  |b slo 
041 0 |a slo 
044 |a xo 
100 1 |a Bednár, Pavol  |4 aut 
245 1 |a Realizácia technológie zvárania MIG pri zváraní výrobku "Ziehbechen" :  |b Diplomová práca 
260 |a Trnava :  |b STU v Bratislave MtF KZv,  |c 2002 
300 |a 72 s  |c abstr. + príl. 
650 7 |a technológie zvárania  |2 stusub 
650 7 |a strojárske technológie  |2 stusub 
700 1 |a Huliaček, Ľubomír  |4 xxx